Paroles - Je fais de toi mon essentiel - Emmanuel Moire - Statistiques

Statistiques générales
  • Ce quiz a été pris 572 fois
  • Le résultat moyen est 175 sur 212
Statistiques - réponses
Paroles % Correct
Je
100%
de
99%
le
99%
mon
99%
Mon
99%
essentiel
98%
fais
98%
les
98%
toi
98%
Tu
97%
tu
97%
à
96%
me
96%
parmi
94%
hommes
93%
J'ai
93%
j'ai
93%
que
93%
ton
92%
Ce
91%
naître
91%
Si
91%
amour
90%
sais
89%
plus
88%
sur
87%
veux
86%
Celle
85%
des
85%
nous
85%
personne
85%
jour
84%
qu'on
84%
Qu'on
84%
après
83%
corps
83%
j'aimerai
82%
ne
82%
Pour
81%
mes
79%
s'apprenne
77%
qui
76%
rien
74%
Tout
71%
désir
70%
et
70%
ta
69%
Viens,
69%
mien
68%
qu'à
67%
l'eau
65%
chevilles
64%
retient
64%
silences
64%
ancré
63%
dans
63%
mots
63%
Sentir
63%
son
63%
sous
63%
tient
62%
versée
62%
main
60%
l'avenir
58%
encore
55%
conjurer
53%
l'absence
52%
s'appartienne
52%
t'offrir
51%
croyances
50%
gravé
48%
tourments
48%
qu'ils
47%
remonté
47%
geste
46%
cours
45%
ferai
45%
Qu'un
45%
comme
44%
découvrent
43%
loin
43%
m'approcher
42%
couvrent
41%
emmène
39%
j'aimerais
39%
avouent,
36%
revient
36%
Tiens,
35%
tracé
32%
tu l'écris
4%
Aucun quiz correspondant
Distribution des résultats
% des personnes avec chaque résultat
Percentile par nombre de réponses
Votre historique - résultats
Vous n’avez pas pris ce quiz